| 000 -LEADER |
| fixed length control field |
00841cam a22002297a 4500 |
| 020 ## - INTERNATIONAL STANDARD BOOK NUMBER |
| ISBN |
9789251068915 |
| 020 ## - INTERNATIONAL STANDARD BOOK NUMBER |
| ISBN |
9251068917 |
| 040 ## - CATALOGING SOURCE |
| Transcribing agency |
BTCTA |
| 082 ## - DEWEY DECIMAL CLASSIFICATION NUMBER |
| Classification number |
333 FOO 2011 A016 Or. |
| 245 00 - TITLE STATEMENT |
| Title |
Highlands and drylands : |
| Remainder of title |
mountains, a source of resilience in arid regions / |
| 260 ## - PUBLICATION, DISTRIBUTION, ETC. (IMPRINT) |
| Place of publication |
Rome : |
| Name of publisher |
Food and Agriculture Organization of the United Nations ; |
| Place of publication |
[Bern] : |
| Name of publisher |
Centre for Development and Environment of the University of Bern, |
| Year of publication |
2011. |
| 300 ## - PHYSICAL DESCRIPTION |
| Number of Pages |
113 p. : |
| Other physical details |
col. ill., col. maps ; |
| Dimensions |
30 cm. |
| 650 #0 - SUBJECT ADDED ENTRY--TOPICAL TERM |
| Topical Term |
Arid regions ecology. |
| 650 #0 - SUBJECT ADDED ENTRY--TOPICAL TERM |
| Topical Term |
Mountain ecology. |
| 650 #0 - SUBJECT ADDED ENTRY--TOPICAL TERM |
| Topical Term |
Mountain watersheds. |
| 650 #0 - SUBJECT ADDED ENTRY--TOPICAL TERM |
| Topical Term |
Sustainable development. |
| 700 1# - ADDED ENTRY--PERSONAL NAME |
| Personal name |
Berrahmouni, Nora. |
| 700 1# - ADDED ENTRY--PERSONAL NAME |
| Personal name |
Pajares, Pedro Regato. |
| 710 2# - ADDED ENTRY--CORPORATE NAME |
| Corporate name or jurisdiction name as entry element |
Food and Agriculture Organization of the United Nations. |
| 710 2# - ADDED ENTRY--CORPORATE NAME |
| Corporate name or jurisdiction name as entry element |
Universität Bern. |
| 942 ## - ADDED ENTRY ELEMENTS (KOHA) |
| Koha item type |
សៀវភៅភាសាអង់គ្លេស |
| 952 ## - LOCATION AND ITEM INFORMATION (KOHA) |
| Withdrawn status [LOCAL, KOHA] |
0 |